000 02123nam a22001817a 4500
008 250903b ||||| |||| 00| 0 spa d
020 _a950-07-2440-5
040 _aAR-FvUNAJ
_dAR-FvUNAJ
_eaacr2
082 1 4 _214
_a158.1
100 1 _921885
_aBucay, Jorge
245 1 0 _aShimriti :
_bde la ignorancia a la sabiduría /
_cJorge Bucay.
260 _aBuenos Aires :
_bSudamericana,
_c2003.
300 _a223 p.
520 _aEste no es un libro más de Jorge Bucay. Tampoco el principal. Shimriti. Un viaje en tren de la ignorancia a la sabiduría está presente en cada libro suyo anterior y estará, quizá, en aquellos que escriba en el futuro. Poca gente sintoniza con un buscador de sabiduría, porque estees siempre impredecible, no deja que confíes en él quizá no satisfaga ninguna de tus esperanzas pero después de ofenderte, de defraudarte, de inquietarte y de lastimarte... poco a poco, te despertará a la experiencia de la libertad.Puede resultar molesto, pero no hay otra manera para este autor que ponerte de cara al compromiso con tu propia vida. Todos somos sostiene ignorantes, buscadores, conocedores, y de alguna manera tenemos un sabio interior que, si lo escucháramos, nos diría: Tu mayor responsabilidad no está orientada hacia el afuera sino hacia ti mismo, para que alumbres tu vida con tu propia luz. Ese es tu compromiso más grande, dondequiera que vayas, con quienquiera que estés, porque ese eres tú.Shimriti emprende un viaje en tren que va transformando el conocimiento de sí misma. Comprende que la sabiduría no es adquisición de datos y que la verdad es un don sólo a disposición de quienes son verdaderos. En cada uno de sus libros, Bucay opera un desvío precisamente allí donde los procedimientos tradicionales de autoayuda fracasan: la receta mágica, la respuesta única, la supuesta solemnidad, la construcción deun lector creyente. Aquí dramatiza, desarma y rearma con desenfado y profundidad la escena del saber, abriendo su camino a quien quierarecorrerlo.
650 0 _99049
_aAUTOAYUDA
942 _2ddc
_cLIBRO
980 _62
_aVirginia Figueroa
_82
_gVirginia Figueroa
999 _c11077
_d11077